Gibbs' Rules Quiz Stats

 Plays Quiz not verified by Sporcle

Challenge
Share
Tweet
Embed
Score 0/22 Timer 10:00
0 Plays Today
Hint Answer % Correct
1Never let suspects stay together
60%
2Always wear gloves at a crime scene
40%
11When the job is done, walk away
40%
12Never date a coworker
40%
3Never believe what you're told
20%
5You don't waste good
20%
7Always be specific when you lie
20%
8Never assume anything
20%
9Never go anywhere without a knife
20%
10Never get personally involved on a case
20%
13Never ever involve lawyers
20%
Hint Answer % Correct
14Bend the line, don't break it
20%
18It's better to seek forgiveness than to ask permission
20%
34Hide the women and children
20%
35Always watch the watchers
20%
36If you feel like you're being watched, you probably are
20%
38Your case, you work it
20%
39No such thing as coincidences
20%
40If it seems like someone is out to get you, they are
20%
45Always clean up your mess
20%
51Sometimes you're wrong
20%
62Always give people space when they get off of the elevator
20%

You're not logged in!

Compare scores with friends on all Sporcle quizzes.
OR
Log In

You Might Also Like...

Show Comments

Extras

Created Oct 20, 2014ReportNominate
Tags:gibb, rule

Top Quizzes Today


Score Distribution

Your Account Isn't Verified!

In order to create a playlist on Sporcle, you need to verify the email address you used during registration. Go to your Sporcle Settings to finish the process.

Report this User

Report this user for behavior that violates our Community Guidelines.

Details: